000 00901nam a2200301 i 4500
003 EG-GICUC
005 20260430164356.0
008 260430s1905 a|||fr|||| 00| 0 eng d
040 _aEG-GiCUC
_beng
_cEG-GiCUC
_dEG-GiCUC
_erda
041 0 _aeng
082 0 4 _221
_a343.092
_bGI . J
092 0 4 _221
099 _aLaw1 10 343.092 GI . J 1905
100 1 _aGibson . Edgar C. S
_eAuthor.
245 1 0 _aJohn Howard /
_cEdgar C. S. Gibson .
264 1 _aLondon :
_bMethuen & Co ,
_c1905 .
300 _a260 pages :
_b12 illustrations,
_c24 cm
336 _2rda content
_atext
337 _2rda media
_aComputer
338 _2rda carrier
_aOnline Resource
546 _aText in English
650 1 4 _aPrison reform
_2qrmak
650 1 4 _abiography of John Howard
651 1 _2qrmak
856 4 0 _uhttps://fll.law.cu.edu.eg/fulltext/bks/B10-11370.pdf
905 _a165
942 _2ddc
_cBK
_e21
_n0
999 _c74561
_d74561